00804 a2200205 4500999001500000010001400015020002300029035001300052037001500065082001200080245009900092260004100191270013900232300002100371500001900392700002300411700001800434942003200452952011400484 c4512d4512 aENG-86380 a8171885373c795.00 aEN-69913 bDBAD / PUB14a347.0121 aJudicial reforms in India :ced. by Arnab Kumar Hazra [and] Bibek Debroybissues and aspects / aNew DelhibAcademic Foundationc2007 a4772-73/23 Bharat Ram Road, (23 Ansari Road), Darya Ganj,bNew DelhicNew Delhie110 002k23245001l91-11-23245005macademic@vsnl.com a330p.c22cm (Hb) aIncludes index aHazra, Arnab Kumar aDebroy, Bibek adplcEN2ddch347.012 mJUD 001040718NFICaDBADbDBADeDBAD/PUBg795.00l0o347.012 JUDpEN-69913r2008-09-15 00:00:00t1v795.00yEN